[Event "Leitao Academia Online op"]
[Site "Chess.com INT"]
[Date "2020.05.20"]
[Round "6"]
[White "Bonillo Coll, Alex"]
[Black "Lira, Mateus Lavor"]
[Result "0-1"]
[WhiteElo "1845"]
[BlackElo "1806"]
[PlyCount "65"]
[EventDate "2020.04.11"]
[EventType "swiss (rapid)"]
[EventRounds "6"]
[EventCountry "BRA"]
[SourceTitle "EXT 2021"]
[Source "ChessBase"]
[SourceDate "2020.10.23"]
[SourceVersion "1"]
[SourceVersionDate "2020.10.23"]
[SourceQuality "1"]

1. e4 c5 2. Nf3 Nc6 3. d4 cxd4 4. Nxd4 e6 5. Nc3 Qc7 6. Be3 a6 7. Qf3 Bb4 8. Qg3 Qxg3 9. hxg3 Nf6 10. f3 d5 11. Bd3 dxe4 12. fxe4 Ng4 13. Bg1 Nce5 14. 0-0-0 b5 15. Nf3 Bb7 16. Bd4 Bxc3 17. bxc3 Nxd3+ 18. cxd3 f6 19. e5 Bxf3 20. gxf3 fxe5 21. Bg1 Nf6 22. Re1 Nd7 23. f4 Rc8 24. Kb2 h6 25. fxe5 Rf8 26. Re3 Rf1 27. g4 Kf7 28. d4 Nb6 29. Re2 Na4+ 30. Kb3 Rb1+ 31. Kc2 Rb2+ 32. Kd1 Nxc3+ 33. Ke1 0-1

[Event "Leitao Academia Online op"]
[Site "Chess.com INT"]
[Date "2020.04.22"]
[Round "3"]
[White "Bonillo Coll, Alex"]
[Black "Pacheco, Helcio Alexandre"]
[Result "1/2-1/2"]
[WhiteElo "1845"]
[BlackElo "2241"]
[PlyCount "45"]
[EventDate "2020.04.11"]
[EventType "swiss (rapid)"]
[EventRounds "6"]
[EventCountry "BRA"]
[SourceTitle "EXT 2021"]
[Source "ChessBase"]
[SourceDate "2020.10.23"]
[SourceVersion "1"]
[SourceVersionDate "2020.10.23"]
[SourceQuality "1"]

1. e4 e5 2. Nf3 Nc6 3. Bc4 Bc5 4. 0-0 Nf6 5. d3 d6 6. c3 a6 7. a4 Ba7 8. h3 h6 9. Re1 0-0 10. Nbd2 Re8 11. Nf1 Be6 12. Bxe6 Rxe6 13. Ng3 d5 14. exd5 Qxd5 15. Be3 Bxe3 16. Rxe3 a5 17. Qc2 Rd8 18. Rae1 Ree8 19. Ne4 Nxe4 20. Rxe4 Qxd3 21. Qxd3 Rxd3 22. Nxe5 Rxe5 23. Rxe5 1/2-1/2